000 02377nam a2200493 i 4500
001 ebr10787425
003 CaPaEBR
006 m o d
007 cr cn|||||||||
008 131105s2013 maua ob 001 0beng d
020 _z9780674724648
020 _a9780674726574 (e-book)
040 _aCaPaEBR
_beng
_erda
_epn
_cCaPaEBR
035 _a(OCoLC)899045265
043 _ae-it---
050 1 4 _aML410.P292
_b.C378 2013eb
082 0 4 _a782.1092
_223
100 1 _aCarter, Tim,
_d1954-
245 1 0 _aOrpheus in the marketplace :
_bJacopo Peri and the economy of late renaissance Florence /
_cTim Carter, Richard A. Goldthwaite.
264 1 _aCambridge, Massachusetts :
_bHarvard University Press,
_c2013.
264 4 _c�2013
300 _a1 online resource (496 pages) :
_billustrations.
336 _atext
_2rdacontent
337 _acomputer
_2rdamedia
338 _aonline resource
_2rdacarrier
440 0 _aI Tatti studies in Italian Renaissance history
504 _aIncludes bibliographical references and index.
588 _aDescription based on print version record.
590 _aElectronic reproduction. Palo Alto, Calif. : ebrary, 2013. Available via World Wide Web. Access may be limited to ebrary affiliated libraries.
600 1 0 _aPeri, Jacopo,
_d1561-1633.
600 1 0 _aPeri, Jacopo,
_d1561-1633
_xFinance, Personal.
650 0 _aComposers
_zItaly
_vBiography.
650 0 _aComposers
_zItaly
_zFlorence
_xEconomic conditions
_y16th century.
650 0 _aComposers
_zItaly
_zFlorence
_xEconomic conditions
_y17th century.
650 0 _aFinance, Personal
_zItaly
_zFlorence
_xHistory
_y16th century.
650 0 _aFinance, Personal
_zItaly
_zFlorence
_xHistory
_y17th century.
651 0 _aFlorence (Italy)
_xEconomic conditions
_y16th century.
651 0 _aFlorence (Italy)
_xEconomic conditions
_y7th century.
655 0 _aElectronic books.
700 1 _aGoldthwaite, Richard A.
776 0 8 _iPrint version:
_aCarter, Tim, 1954-
_tOrpheus in the marketplace : Jacopo Peri and the economy of late renaissance Florence.
_dCambridge, Massachusetts : Harvard University Press, c2013
_hviii, 479 pages
_kI Tatti studies in Italian Renaissance history.
_z9780674724648
_w2013001710
797 2 _aebrary.
856 4 0 _uhttp://site.ebrary.com/lib/rucke/Doc?id=10787425
_zAn electronic book accessible through the World Wide Web; click to view
999 _c135426
_d135426